Basic Collage Mathematics: An Applied Approaach (Record no. 4197)

MARC details
005 - DATE AND TIME OF LATEST TRANSACTION
control field 20250617075137.0
020 ## - INTERNATIONAL STANDARD BOOK NUMBER
International Standard Book Number 0-618-20291-9
082 ## - DEWEY DECIMAL CLASSIFICATION NUMBER
Classification number 510 AUF
100 ## - MAIN ENTRY--PERSONAL NAME
Author name AUFMAN, R. N.
245 ## - TITLE STATEMENT
Title Basic Collage Mathematics: An Applied Approaach
250 ## - EDITION STATEMENT
Edition statement 7th Ed.
260 ## - PUBLICATION, DISTRIBUTION, ETC.
Place of publication, distribution, etc. New York,
Name of publisher, distributor, etc. Houghton Mifflin Company,
Date of publication, distribution, etc. 2003.
300 ## - PHYSICAL DESCRIPTION
Extent 282p.;
Dimensions 26cm
700 ## - ADDED ENTRY--PERSONAL NAME
Other authors/Editors BARKER, V.
942 ## - ADDED ENTRY ELEMENTS (KOHA)
Source of classification or shelving scheme Dewey Decimal Classification
Koha item type Books
Holdings
Date last seen Total checkouts Full call number Barcode Cost, replacement price Price effective from Koha item type Lost status Source of classification or shelving scheme Damaged status Not for loan Withdrawn status Home library Current library Shelving location Date acquired Cost, normal purchase price
06/17/2025   519 AUF DOM000832 180000.00 06/17/2025 Books   Dewey Decimal Classification       CBE Dodoma CBE Dodoma General Collection 04/06/2009 60000.00